00273nam a2200085Ia 450000100070000000500170000700800410002424500850006526000370015090793620250826185044.0250824s9999 xx 000 0 und d 0aTÜRKİYE NİN SOMUT OMAYAN KÜLTÜREL MİRASIcYazar Adı Belirtilmemiş bKÜLTÜR BAKANLIĞI YAYINLARI